000 00620nam a2200229Ia 4500
003 OSt
005 20220923223516.0
006 a|||||r|||| 00| 0
007 ta
008 Pun
024 _a218,368
037 _cTextual
040 _aARTS
_cARTS
_bPun
041 _2Pun
_aPun
082 _aO153,NJAx, N9
100 _aਜਰਨੌਲ ਸਿੰਘ
245 0 _aਦੋ ਟਾਪੂ
260 _aਲੁਧਿਆਨਾ
_b ਅਸਥੌਟਿਕ ਪਬਲੀਕੇFਨ
_c1999
300 _a143ਪੰ
_ccm.
942 _hO153,NJAx, N9
_cTEXL
_2CC
999 _c365829
_d365829